000 00857nam a22001695i 4500
001 155880
003 ES-MaACL
005 20230906210233.0
008 970407s1882 sp |||| | glg d
040 _aGA
_bspa
_cCCPB | SIC
100 1 _aIglesia González, Francisco Mª de la.
_9128150
245 1 2 _aA fonte do xuramento
_b: primeiro drama en dialeuto gallego : drama de costumes gallegos en dous autos en verso /
_corixinal de Francisco Mª de la Iglesia y González.
260 _aCruña :
_b[s.n.],
_c1882 (
_fImprensa e Estereotípia de Vicenzo Abade)
300 _a57 p. ;
_c20 cm.
500 1 _a"Estrenado con ruidento aprauso n-o Liceu Brigantiño d'a Cruña a noite d'o 13 d'Agosto de 1882"
852 _aES-MaACL
_jT-650-F-6
_z-- Enc. hol., conservando la cub. original
_z-- Enc. en un vol. facticio
_x-- Edic.: añadir T752 España, La Coruña
999 _c155880
_d155880